| 000 | 00907cam a2200325Ma 4500 | ||
|---|---|---|---|
| 001 | 73315 | ||
| 003 | BJBSDDR | ||
| 005 | 20241105150607.0 | ||
| 007 | ta | ||
| 008 | 241105s1995 fr 000 0 fre d | ||
| 020 | _a9782275002989 | ||
| 020 | _a2275002987 | ||
| 029 | 1 |
_aZWZ _b112406505 |
|
| 035 | _a(OCoLC)ocn182733327 | ||
| 035 | _a(OCoLC)182733327 | ||
| 040 |
_aMUQ _bspa _cMUQ _dBDF |
||
| 041 | _afre | ||
| 043 | _ae-fr--- | ||
| 049 | _aGRAL | ||
| 050 | 1 | 4 |
_aKJV 5545.8 _bC723d 1995 |
| 082 | 1 |
_a342 _222 |
|
| 100 | 1 |
_aColson, Jean-Philippe _939213 |
|
| 245 | 1 | 0 |
_aDroit public économique / _cJean-Philippe Colson. |
| 260 |
_aParis : _bLGDJ, _c1995. |
||
| 300 |
_a449 pages ; _c22 cm. |
||
| 440 | 0 |
_aManuels _934096 |
|
| 650 | 6 |
_aDroit public économique _zFrance. |
|
| 650 | 4 |
_aDerecho público económico _zFrancia _919857 _vLibros de texto de educación superior |
|
| 942 |
_2lcc _cBK |
||
| 999 |
_c122391 _d122391 |
||